000 00345pab a2200145 454500
008 180718b1998 xxu||||| |||| 00| 0 eng d
100 _aPadmanabhan, B.S.
245 _aNarasimham Committee Report: revamping the banking sector
260 _c1998
300 _ap.5-7
362 _aJul
650 _aBanks
773 _aYojana
909 _a37935
999 _c37935
_d37935